00707nam a22001937a 450000500170000001000150001702000260003203500140005803700130007208200110008510000320009624500750012826000480020327000760025130000210032794200220034899900190037095201240038920250213153925.0 aENG-143686 c150.00a9789350730195 aEN-127218 bDBAD/PUB a88121 aKaramat, Karamat Ali977558 aSelected Poems of Karamat Ali Karamat/cTranslated By Jayant Mahapatra aINIDIAbEducational Publishing House c2012 a3108, Gali Azizuddin Vakil Kucha Pandit, Lal Kuan, bNew Delhi e110006 a112p;c23CM(pbk) cENh8812ddcmSEL c208902d208902 001040708NFICaLbLd2025-02-12eDBADg150.00l0o881 SELpEN-127218r2025-02-12 00:00:00t1v150.00w2025-02-12yEN